The chimpanzees I love : (Record no. 6337)
[ view plain ]
| 000 -LEADER | |
|---|---|
| fixed length control field | 01249cam a22003374a 4500 |
| 001 - CONTROL NUMBER | |
| control field | 6337 |
| 003 - CONTROL NUMBER IDENTIFIER | |
| control field | FISKH |
| 005 - DATE AND TIME OF LATEST TRANSACTION | |
| control field | 20250422152927.0 |
| 008 - FIXED-LENGTH DATA ELEMENTS--GENERAL INFORMATION | |
| fixed length control field | 000912s2001 nyuab j b 000 0deng |
| 010 ## - LIBRARY OF CONGRESS CONTROL NUMBER | |
| LC control number | 00047080 |
| 020 ## - INTERNATIONAL STANDARD BOOK NUMBER | |
| International Standard Book Number | 043921310X |
| 040 ## - CATALOGING SOURCE | |
| Original cataloging agency | DLC |
| Transcribing agency | DLC |
| Modifying agency | DLC |
| Language of cataloging | eng |
| 050 ## - LIBRARY OF CONGRESS CALL NUMBER | |
| Classification number | QL737.P96 G5848 |
| 082 ## - DEWEY DECIMAL CLASSIFICATION NUMBER | |
| Classification number | 599.885 |
| 100 1# - MAIN ENTRY--PERSONAL NAME | |
| Personal name | Goodall, Jane, |
| Dates associated with a name | 1934- |
| 245 14 - TITLE STATEMENT | |
| Title | The chimpanzees I love : |
| Remainder of title | saving their world and ours / |
| Statement of responsibility, etc. | Jane Goodall. |
| 250 ## - EDITION STATEMENT | |
| Edition statement | First Scholastic paperback printing, October 2002 |
| 260 ## - PUBLICATION, DISTRIBUTION, ETC. | |
| Place of publication, distribution, etc. | New York : |
| Name of publisher, distributor, etc. | Scholastic Inc, |
| Date of publication, distribution, etc. | 2001. |
| 300 ## - PHYSICAL DESCRIPTION | |
| Extent | 80 pages : |
| Other physical details | color maps ; color illustrations ; |
| Dimensions | 23 x 26 cm |
| 500 ## - GENERAL NOTE | |
| General note | "A Byron Preiss book." |
| 504 ## - BIBLIOGRAPHY, ETC. NOTE | |
| Bibliography, etc. note | Includes bibliographical references (p. 79) |
| 520 ## - SUMMARY, ETC. | |
| Summary, etc. | In a compelling, personal narrative, Dr. Goodall recounts the exciting adventure of her work with chimpanzees, now an endangered species.<br/> |
| 600 10 - SUBJECT ADDED ENTRY--PERSONAL NAME | |
| Personal name | Goodall, Jane, |
| Dates associated with a name | 1934- |
| Form subdivision | Juvenile literature. |
| 600 11 - SUBJECT ADDED ENTRY--PERSONAL NAME | |
| Personal name | Goodall, Jane, |
| Dates associated with a name | 1934- |
| 650 #0 - SUBJECT ADDED ENTRY--TOPICAL TERM | |
| Topical term or geographic name entry element | Chimpanzees |
| General subdivision | Behavior |
| Geographic subdivision | Tanzania |
| -- | Gombe Stream National Park |
| Form subdivision | Juvenile literature. |
| 650 #1 - SUBJECT ADDED ENTRY--TOPICAL TERM | |
| Topical term or geographic name entry element | Chimpanzees. |
| 650 #1 - SUBJECT ADDED ENTRY--TOPICAL TERM | |
| Topical term or geographic name entry element | Zoologists. |
| 906 ## - LOCAL DATA ELEMENT F, LDF (RLIN) | |
| a | 7 |
| b | cbc |
| c | orignew |
| d | 1 |
| e | ocip |
| f | 20 |
| g | y-gencatlg |
| 942 ## - ADDED ENTRY ELEMENTS (KOHA) | |
| Source of classification or shelving scheme | Dewey Decimal Classification |
| Koha item type | Books |
| Suppress in OPAC | No |
| Withdrawn status | Lost status | Source of classification or shelving scheme | Damaged status | Not for loan | Collection | Home library | Current library | Shelving location | Date acquired | Total Checkouts | Full call number | Barcode | Date last seen | Price effective from | Koha item type |
|---|---|---|---|---|---|---|---|---|---|---|---|---|---|---|---|
| Dewey Decimal Classification | Non-Fiction | Footprints International School Library Network Toul Kork Campus | Footprints International School Library Network Toul Kork Campus | A TK Campus, 4th Floor, Room B401, Non-Fiction Bookcases(7-8) | 04/22/2025 | GOO 599.885 QL737.P96 G5848 | FISTK05627 | 04/22/2025 | 04/22/2025 | Books |
